Naj... Państwo - Statystyki

Ogólne statystyki
  • Ten quiz został rozwiązany 167 razy
  • Średni wynik to 9 z 15
Statystyki odpowiedzi
Hint Odpowiedź % Poprawnych
Największe Rosja
100%
Najmniejsze Watykan
96%
Ma najwięcej mieszkańców Indie
82%
Ma najmniej mieszkańców Watykan
76%
Najdalej wysunięte na południe Chile
65%
najdalej wysunięte na północ Dania (Grenlandia)
63%
Najmłodsze (najpóźniej powstało, uzyskało niepodległość) Sudan Południowy
62%
Najzimniejsze (najmniejsza odnotowana temperatura) nie wliczając Antarktydy Rosja
58%
Najrzadziej zaludnione Mongolia
55%
Ma największą ilość wysp Szwecja
55%
Najgęściej zaludnione Monako
53%
Było największe w historii Wielka Brytania
50%
Najcieplejsze (najwyższa odnotowana temperatura) Stany Zjednoczone
35%
Najdalej wysunięte na wschód Kiribati
33%
Najcieplejsze (najwyższa średnia temperatura) Etiopia
7%
Nie znaleziono quizów pasujących do podanych kryteriów
Rozkład punktacji
Procent ludzi z każdym wynikiem
Percentyl według liczby udzielonych odpowiedzi
Twoja historia wyników
Nie rozwiązałeś tego quizu